Happy Synonyms - Sudden Death - Statistics

General Stats
  • This quiz has been taken 160 times
  • The average score is 10 of 16
Answers on the Grid
Answers color-coded by a green-red scale on the quiz's grid according to % correct below.
Jubilant
Melancholy
Festive
Adamant
Obtuse
Merry
Gleeful
Voracious
Upbeat
Pernicious
Quiescent
Elated
Blithe
Bellicose
Jocund
Euphoric
Sanguine
Petulant
Jejune
Jovial
Invidious
Uxorious
Buoyant
Mirthful
Execrable
Ecstatic
Tenacious
Feckless
Blissful
Mendacious
Exultant
Sclerotic
 
Answer Stats
Answer % Correct
Jubilant
91%
Festive
90%
Merry
86%
Upbeat
84%
Gleeful
82%
Blissful
78%
Ecstatic
78%
Euphoric
77%
Elated
71%
Jovial
66%
Buoyant
50%
Exultant
47%
Mirthful
38%
Jocund
22%
Sanguine
21%
Blithe
20%
No matching quizzes found
Score Distribution
Percent of People with Each Score
Percentile by Number Answered
Your Score History
You have not taken this quiz